Rozvoj ľudských zdrojov s akcentom na franchising diplomová práca

Uložené v:
Podrobná bibliografia
Hlavný autor: Wagner, Andrej
Korporativný autor: Národohospodárska fakulta EU. Katedra sociálneho rozvoja a práce
Ďalší autori: Antalová, Mária, 1952-
Médium: Kniha
Jazyk:Slovak
Vydavateľské údaje: Bratislava 2017
Tagy: Pridať tag
Žiadne tagy, Buďte prvý, kto otaguje tento záznam!

MARC

LEADER 00000nbm a2200000 4500
001 0231835
005 20171018160444.8
041 0 |a slo 
044 |a SK 
245 1 0 |a Rozvoj ľudských zdrojov s akcentom na franchising  |b diplomová práca  |c Andrej Wagner ; školiteľ: Mária Antalová 
264 1 |a Bratislava  |c 2017 
300 |a 82 s. 
100 1 |a Wagner, Andrej 
700 1 |a Antalová, Mária, 1952- 
710 2 |a Národohospodárska fakulta EU. Katedra sociálneho rozvoja a práce